<?xml version="1.0" encoding="UTF-8"?>
<record
    xmlns:xsi="http://www.w3.org/2001/XMLSchema-instance"
    xsi:schemaLocation="http://www.loc.gov/MARC21/slim http://www.loc.gov/standards/marcxml/schema/MARC21slim.xsd"
    xmlns="http://www.loc.gov/MARC21/slim">

  <leader>02574nam a22003257a 4500</leader>
  <controlfield tag="001">BRCA_9303</controlfield>
  <controlfield tag="003">FranzMayer</controlfield>
  <controlfield tag="005">20230809144108.0</controlfield>
  <controlfield tag="008">190828b           ||||| |||| 00| 0 spa d</controlfield>
  <datafield tag="040" ind1=" " ind2=" ">
    <subfield code="c">MFM</subfield>
    <subfield code="a">MFM</subfield>
    <subfield code="b">espa&#xF1;ol</subfield>
  </datafield>
  <datafield tag="050" ind1=" " ind2="0">
    <subfield code="a">BL625</subfield>
    <subfield code="b">.B56 1605 (13-56)</subfield>
  </datafield>
  <datafield tag="100" ind1="1" ind2=" ">
    <subfield code="a">Blosio, Ludovico</subfield>
    <subfield code="9">28340</subfield>
  </datafield>
  <datafield tag="240" ind1=" " ind2=" ">
    <subfield code="a">Obras de Ludovico Blosio </subfield>
    <subfield code="h">Abad de la Orden de San Benito</subfield>
    <subfield code="l">espa&#xF1;ol</subfield>
  </datafield>
  <datafield tag="245" ind1="0" ind2=" ">
    <subfield code="a">Obras de Ludovico Blosio</subfield>
    <subfield code="b">Abad de la Orden de San Benito</subfield>
  </datafield>
  <datafield tag="260" ind1=" " ind2=" ">
    <subfield code="a">Madrid</subfield>
    <subfield code="b">En casa de Juan de la Cuesta</subfield>
    <subfield code="c">1605</subfield>
  </datafield>
  <datafield tag="300" ind1=" " ind2=" ">
    <subfield code="a">771 p.</subfield>
    <subfield code="c">28 x 22 cm.</subfield>
  </datafield>
  <datafield tag="500" ind1=" " ind2=" ">
    <subfield code="a">Incluye tabla de los lugares de la sagrada escritura, que se declaran en las obras de Blosio o se traen con alguna particularidad y tabla de los materiales y lugares comunes que se hallan en las obras de Lodovico Blosio</subfield>
  </datafield>
  <datafield tag="500" ind1=" " ind2=" ">
    <subfield code="a">Estado f&#xED;sico: en mal estado. Se encuentra en el &#xC1;rea de Restauraci&#xF3;n. Encuadernaci&#xF3;n en pergamino.</subfield>
  </datafield>
  <datafield tag="500" ind1=" " ind2=" ">
    <subfield code="a">Al material le falta la caratula </subfield>
  </datafield>
  <datafield tag="500" ind1=" " ind2=" ">
    <subfield code="a">13-59</subfield>
  </datafield>
  <datafield tag="500" ind1=" " ind2=" ">
    <subfield code="a">Fondo antiguo</subfield>
  </datafield>
  <datafield tag="500" ind1=" " ind2=" ">
    <subfield code="a">Ejemplar se encuentra en caja fuerte</subfield>
  </datafield>
  <datafield tag="500" ind1=" " ind2=" ">
    <subfield code="a">Se incluyen las siguientes obras: Reglas de la vida espiritual/Espejo espiritual/Soy el espiritual de revelaciones/Cofrezito espiritual de oraciones, y de otras cosas devotas/Corona de la virgen santisima, con la vida de Cristo nuestro redentor/Tesoro de oraciones devotas/Manual de los humildes, dos libros/Recreaci&#xF3;n del alma,quatro libros/Colirio de los herejes, dos libros/Comparacion entre el rey y el monje/Consuelo de pusilamines/Coloquio de la muerte entre Cristo y el alma cristiana/Institucion espiritual/Exercicios de oraciones devotas/Breve regla para comenzar la vida espiritual/Exercicios de la passion de Cristo nuestro se&#xF1;or/Exercicios quotidianos/Documentos para alcanzar la perfecci&#xF3;n de la vida/Margarita espiritual/Explicacion de la passion de Cristo nuestro redentor/Del inmenso amor de Dios para con los hombres/Sumario de instituciones espirituales/Articulos para meditar la vida de Cristo/Yesca del diurno amor/Psalmodia breve/Tabla espiritual/Dichos de los padres/Antorchas para alumbrar los herejes/Espejos de los monjes</subfield>
  </datafield>
  <datafield tag="501" ind1=" " ind2=" ">
    <subfield code="a">Fondo reservado: para su consulta es necesaria credencial de usuario y carta de motivos.</subfield>
  </datafield>
  <datafield tag="505" ind1=" " ind2=" ">
    <subfield code="a">Texto en: espa&#xF1;olTraducido del: lat&#xED;nDirigido a: cleric&#xF3;s, obispos o cualquier otra persona perteneciente a la iglesia cat&#xF3;lica</subfield>
  </datafield>
  <datafield tag="650" ind1="1" ind2=" ">
    <subfield code="2">Religi&#xF3;n</subfield>
    <subfield code="a">Mitolog&#xED;a</subfield>
    <subfield code="v">Racionalismo</subfield>
    <subfield code="9">28995</subfield>
  </datafield>
  <datafield tag="651" ind1="2" ind2=" ">
    <subfield code="2">Vida religiosa</subfield>
    <subfield code="a">Ascetismo</subfield>
    <subfield code="v">Miticismo</subfield>
    <subfield code="9">28996</subfield>
  </datafield>
  <datafield tag="700" ind1=" " ind2=" ">
    <subfield code="a">Alfaro, Gregorio de</subfield>
    <subfield code="e">tr.</subfield>
    <subfield code="9">28341</subfield>
  </datafield>
  <datafield tag="942" ind1=" " ind2=" ">
    <subfield code="2">lcc</subfield>
    <subfield code="c">B</subfield>
  </datafield>
  <datafield tag="999" ind1=" " ind2=" ">
    <subfield code="c">10778</subfield>
    <subfield code="d">10778</subfield>
  </datafield>
  <datafield tag="952" ind1=" " ind2=" ">
    <subfield code="0">0</subfield>
    <subfield code="1">0</subfield>
    <subfield code="2">lcc</subfield>
    <subfield code="4">1</subfield>
    <subfield code="5">1</subfield>
    <subfield code="7">0</subfield>
    <subfield code="8">LAR</subfield>
    <subfield code="a">BRCA</subfield>
    <subfield code="b">BRCA</subfield>
    <subfield code="d">2018-08-28</subfield>
    <subfield code="e">Donaci&#xF3;n</subfield>
    <subfield code="l">0</subfield>
    <subfield code="o">BL625 .B56 1605 (13-56)</subfield>
    <subfield code="p">LAR00189</subfield>
    <subfield code="r">2023-08-09 00:00:00</subfield>
    <subfield code="w">2023-08-09</subfield>
    <subfield code="y">B</subfield>
  </datafield>
</record>
